Ten̲kil̲akku Āciyāvil. (Record no. 77526)

MARC details
000 -LEADER
fixed length control field 00640cam a22002411 4500
001 - CONTROL NUMBER
control field sa 68000891
003 - CONTROL NUMBER IDENTIFIER
control field DLC
005 - DATE AND TIME OF LATEST TRANSACTION
control field 20260227112428.0
008 - FIXED-LENGTH DATA ELEMENTS--GENERAL INFORMATION
fixed length control field 950222s1967 ii 000 0 tamo
010 ## - LIBRARY OF CONGRESS CONTROL NUMBER
LC control number sa 68000891
025 ## - OVERSEAS ACQUISITION NUMBER
Overseas acquisition number PL480:I-T-1934
035 ## - SYSTEM CONTROL NUMBER
System control number (OCoLC)32036237
040 ## - CATALOGING SOURCE
Original cataloging agency DLC
Transcribing agency CU
Modifying agency CU
-- DLC
042 ## - AUTHENTICATION CODE
Authentication code premarc
050 00 - LIBRARY OF CONGRESS CALL NUMBER
Classification number DS508.2
Item number .R33
100 1# - MAIN ENTRY--PERSONAL NAME
Personal name Rācārām, Ka.,
Dates associated with a name 1926-
245 10 - TITLE STATEMENT
Title Ten̲kil̲akku Āciyāvil.
260 ## - PUBLICATION, DISTRIBUTION, ETC.
Date of publication, distribution, etc. [1967]
300 ## - PHYSICAL DESCRIPTION
Extent 250 p.
Dimensions 19 cm.
500 ## - GENERAL NOTE
General note In Tamil.
500 ## - GENERAL NOTE
General note Previously published serially in Tiruviḷakku.
651 #0 - SUBJECT ADDED ENTRY--GEOGRAPHIC NAME
Geographic name Southeast Asia
General subdivision Description and travel.

No items available.

Powered by Koha